Rozpočtová reforma:velké změny příjmů a výdajů, slabý vliv na deficit

Vývoj verejných financií Českej republiky. Rast reálneho HDP a saldo verejných rozpočtov vybraných krajín EÚ v rokoch 2004-2006. Dôsledky rozpočtovej reformy pre českú ekonomiku. Vývoj daňovej reformy v Českej republike. Výsledná podoba reformy. Reforma zdravotníctva. Prínosy a straty plynúce z r...

Descrizione completa

Salvato in:
Dettagli Bibliografici
Autore principale: Malý, Jiří
Natura: Capitolo di libro
Lingua:ceco
Soggetti:
Tags: Aggiungi Tag
Nessun Tag, puoi essere il primo ad aggiungerne!!

MARC

LEADER 00000naa$a2200000$$$4500
001 0071054
005 20220713131523.3
041 0 |a cze 
044 |a CZ 
245 1 0 |a Rozpočtová reforma:velké změny příjmů a výdajů, slabý vliv na deficit  |c Jiří Malý 
520 |a Vývoj verejných financií Českej republiky. Rast reálneho HDP a saldo verejných rozpočtov vybraných krajín EÚ v rokoch 2004-2006. Dôsledky rozpočtovej reformy pre českú ekonomiku. Vývoj daňovej reformy v Českej republike. Výsledná podoba reformy. Reforma zdravotníctva. Prínosy a straty plynúce z reformy verejných financií ČR. 
610 2 0 |a Česko 
610 2 0 |a reformy hospodárske 
610 2 0 |a reformy daňové 
610 2 0 |a reformy sociálne 
610 2 0 |a financie verejné 
100 1 |a Malý, Jiří